Normal view
MARC view
Entry Topical Term
001 - CONTROL NUMBER
- control field: 73505
003 - CONTROL NUMBER IDENTIFIER
- control field: dpl
005 - DATE AND TIME OF LATEST TRANSACTION
- control field: 20241025155304.0
008 - FIXED-LENGTH DATA ELEMENTS
- fixed length control field: 241025|| aca||aabn | a|a d
040 ## - CATALOGING SOURCE
- Original cataloging agency: dpl
- Transcribing agency: dpl
150 ## - HEADING--TOPICAL TERM
- Topical term or geographic name as entry element: कहानी
670 ## - SOURCE DATA FOUND
- Source citation: Work cat.: (dpl)205642: दिविक रमेश 73504, सच्ची गपशपः, 2023
